[Event "Tournoi Skype 030B"]
[Site "Skype"]
[Date "????.??.??"]
[Round "5.4"]
[White "Lognos, Lina"]
[Black "Morales Terreros, Jose Luis"]
[Result "1-0"]
[WhiteElo "1023"]
[BlackElo "1000"]
[PlyCount "141"]

1. d4 e5 2. dxe5 Nc6 3. Nf3 Qe7 4. Bf4 Qb4+ 5. Bd2 Qxb2 6. Bc3 Bb4 7. Qd2 Bxc3
8. Qxc3 Qxc3+ 9. Nxc3 Nb4 10. Rc1 d6 11. Nb5 Kd7 12. exd6 cxd6 13. Nc3 Nf6 14.
a3 Nc6 15. e3 a6 16. Bc4 Ne5 17. Nxe5+ dxe5 18. Bxf7 Ke7 19. Bb3 Rf8 20. O-O
Bg4 21. Nd5+ Nxd5 22. Bxd5 Rab8 23. f3 Bh5 24. Rfd1 g5 25. g4 Bg6 26. Rd2 Rbd8
27. Rcd1 Rd7 28. Be4 Rxd2 29. Rxd2 Bxe4 30. fxe4 Rc8 31. Kf2 Rc3 32. Ke2 Rxa3
33. Rd5 Ke6 34. Rd8 b5 35. Rh8 a5 36. Rxh7 b4 37. Rh6+ Kf7 38. Rb6 Rc3 39. Kd2
Rc4 40. Kd3 Rc3+ 41. Kd2 Ke7 42. Ra6 Ra3 43. Ra7+ Ke6 44. Ra6+ Kd7 45. Rg6 a4
46. Rxg5 Rc3 47. Rxe5 a3 48. Ra5 Kc6 49. Ra8 Kb5 50. Rb8+ Ka4 51. Ra8+ Kb5 52.
Rb8+ Ka6 53. Rxb4 Rc5 54. Rb8 Ka7 55. Rb1 a2 56. Ra1 Ra5 57. e5 Rd5+ 58. Kc1
Rxe5 59. Rxa2+ Kb6 60. Rb2+ Kc5 61. Ra2 Rxe3 62. Kd2 Rh3 63. Ra5+ Kd4 64. Rh5
Rf3 65. Ke2 Re3+ 66. Kd2 Rf3 67. Ke2 Ke4 68. Re5+ Kf4 69. Rf5+ Kxg4 70. Rxf3
Kh4 71. c4 1-0

[Event "Tournoi Skype 030B"]
[Site "Skype"]
[Date "????.??.??"]
[Round "5.5"]
[White "Balci Gungor, Ayca"]
[Black "De Fazio, Monica"]
[Result "0-1"]
[WhiteElo "1019"]
[BlackElo "1153"]
[PlyCount "106"]

1. e4 e6 2. d4 d5 3. Nc3 Bb4 4. Bd2 Bxc3 5. Bxc3 Nf6 6. f3 dxe4 7. fxe4 Nxe4 8.
Bb4 Nc6 9. c3 Nxb4 10. cxb4 O-O 11. Nf3 Bd7 12. Bd3 Bc6 13. O-O Nf6 14. Qc2
Bxf3 15. Rxf3 Qxd4+ 16. Rf2 Rfd8 17. Rd1 Rd5 18. h3 Kf8 19. Kh1 Rad8 20. Rfd2
Qxb4 21. Qxc7 Rxd3 22. Rxd3 Rxd3 23. Rxd3 Ne8 24. Qc8 Qe1+ 25. Kh2 Qe5+ 26. Kg1
Qe1+ 27. Kh2 Qe5+ 28. g3 Qe2+ 29. Kg1 Qxd3 30. Qc5+ Qd6 31. Qxa7 Qxg3+ 32. Kf1
Qxh3+ 33. Ke2 Qg4+ 34. Kd2 Qb4+ 35. Kc2 f5 36. a3 Qe4+ 37. Kc3 Kf7 38. b4 Nd6
39. Qb8 Qc4+ 40. Kb2 f4 41. Qxd6 Kf6 42. Qf8+ Ke5 43. Qxg7+ Kd5 44. Qxb7+ Kd4
45. Qf3 Ke5 46. Qh5+ Kd4 47. Qf7 Qc3+ 48. Ka2 Qc2+ 49. Ka1 Kc3 50. Qf6+ Kb3 51.
Qxe6+ Qc4 52. Qe1 Qd4+ 53. Kb1 Qb2# 0-1

[Event "Tournoi Skype 030B"]
[Site "Skype"]
[Date "????.??.??"]
[Round "5.6"]
[White "Scata, Laura"]
[Black "Llabres, Sergio"]
[Result "1-0"]
[WhiteElo "1366"]
[BlackElo "1176"]
[PlyCount "107"]

1. d4 d5 2. Nf3 Bf5 3. Bf4 Nf6 4. e3 a6 5. Bd3 Bxd3 6. Qxd3 e6 7. Nbd2 h6 8. c4
c6 9. O-O Bd6 10. Bxd6 Qxd6 11. c5 Qc7 12. b4 Nbd7 13. a4 O-O 14. b5 axb5 15.
axb5 cxb5 16. Qxb5 Rfb8 17. Rfb1 Rxa1 18. Rxa1 Qc8 19. h3 Ne8 20. Ra7 Nc7 21.
Qa5 Na6 22. Nb1 Nc7 23. Na3 b6 24. cxb6 Rxb6 25. Ne5 Nxe5 26. Qxb6 Nf3+ 27.
gxf3 Ne8 28. Nb5 Qc1+ 29. Kg2 Qb1 30. Rb7 Qg6+ 31. Kf1 Nf6 32. Qd8+ Kh7 33. Nd6
Qh5 34. Rxf7 Qxh3+ 35. Ke2 Nh5 36. Ne8 Qg2 37. Qh4 Qg6 38. Re7 Qc2+ 39. Kf1 Qf5
40. Qg4 Qf8 41. Rxe6 Nf6 42. Nxf6+ gxf6 43. Qf5+ Kg7 44. Qxd5 Qf7 45. Qd6 Kg6
46. d5 h5 47. Re7 Qf8 48. Qe6 Qb8 49. d6 Qb1+ 50. Kg2 Qb8 51. d7 Qf8 52. Re8
Qh6 53. Qg8+ Kf5 54. d8=Q 1-0

[Event "Tournoi Skype 030B"]
[Site "Skype"]
[Date "????.??.??"]
[Round "5.7"]
[White "Conde, Carmen"]
[Black "Khabou, Taha"]
[Result "0-1"]
[WhiteElo "1166"]
[BlackElo "1358"]
[PlyCount "133"]

1. e4 e6 2. d4 d5 3. e5 c5 4. Nf3 Nc6 5. Bb5 Bd7 6. c3 Nxe5 7. Bxd7+ Nxd7 8.
O-O Ngf6 9. Qb3 Qb6 10. Nbd2 Bd6 11. Qxb6 Nxb6 12. b3 cxd4 13. Nxd4 Rc8 14. Bb2
a6 15. N2f3 O-O 16. a4 Ne4 17. Rfe1 Nxc3 18. Rac1 Ne4 19. Ne2 Rxc1 20. Rxc1 Rc8
21. Rxc8+ Nxc8 22. Bd4 Ne7 23. Nc1 Nc6 24. Nd3 Nxd4 25. Nxd4 Nd2 26. b4 e5 27.
Nf5 Bf8 28. b5 axb5 29. axb5 e4 30. Ne5 g6 31. Ne3 d4 32. Nd5 Nb3 33. h3 Bd6
34. Nc4 Bf8 35. Kf1 f5 36. Ke2 Kf7 37. g3 Ke6 38. Nf4+ Kd7 39. h4 Bb4 40. Nb6+
Kd6 41. Nbd5 Kc5 42. Nf6 Kxb5 43. Nxh7 d3+ 44. Nxd3 exd3+ 45. Kxd3 Nc5+ 46. Kd4
Ne4 47. Ke3 Bc5+ 48. Kf3 Bxf2 49. Nf8 Bxg3 50. Nxg6 Bd6 51. h5 Nf6 52. h6 Kc4
53. Nh4 f4 54. Nf5 Be5 55. Ne7 b5 56. Nc6 Bd6 57. Na5+ Kc3 58. Nc6 b4 59. Na5
b3 60. Nxb3 Kxb3 61. Kf2 Kc3 62. Kf3 Kd3 63. Kf2 Ke4 64. Kf1 Ke3 65. Ke1 f3 66.
Kf1 f2 67. Kg2 0-1

[Event "Tournoi Skype 030B"]
[Site "Skype"]
[Date "????.??.??"]
[Round "5.8"]
[White "Abdulrazzaq, Mohsen"]
[Black "Nicolini, Francesco"]
[Result "1-0"]
[WhiteElo "1346"]
[BlackElo "1176"]
[PlyCount "49"]

1. e4 e5 2. Nf3 Nc6 3. Bc4 Nf6 4. Nc3 d6 5. h3 Be7 6. d4 exd4 7. Nxd4 Ne5 8.
Bb3 Bd7 9. O-O Qc8 10. Re1 Bxh3 11. gxh3 Qxh3 12. Bf4 h5 13. Re3 Qc8 14. Bxe5
Ng4 15. Bf4 Nxe3 16. Bxe3 h4 17. Nf5 g6 18. Ba4+ c6 19. Nxe7 Kxe7 20. Qd2 h3
21. Kh2 Rg8 22. Rd1 Qe6 23. Bb3 Qd7 24. Bc5 Rad8 25. Qf4 1-0

[Event "Tournoi Skype 030B"]
[Site "Skype"]
[Date "????.??.??"]
[Round "5.9"]
[White "Hargez, Dany"]
[Black "Talwalkar, Omkar Sameer"]
[Result "0-1"]
[WhiteElo "1296"]
[BlackElo "1149"]
[PlyCount "52"]

1. e4 e5 2. Nf3 Nc6 3. Nxe5 Nxe5 4. d4 Ng6 5. Bd3 Nf6 6. e5 Nd5 7. O-O Be7 8.
Be4 Nb6 9. Nd2 O-O 10. Nf3 d5 11. exd6 Qxd6 12. c3 c6 13. h3 Bd7 14. g3 Bxh3
15. Re1 f5 16. Bf4 Nxf4 17. gxf4 fxe4 18. Rxe4 Qg6+ 19. Ng5 Bxg5 20. Kh2 Bxf4+
21. Kxh3 Qxe4 22. f3 Qf5+ 23. Kg2 Nd5 24. Kf2 Rae8 25. Qb3 Kh8 26. Rg1 Be3+ 0-1

[Event "Tournoi Skype 030B"]
[Site "Skype"]
[Date "????.??.??"]
[Round "5.10"]
[White "Parrales, Rodolfo"]
[Black "Ponz Lazaro, Ruperto"]
[Result "1-0"]
[WhiteElo "1146"]
[BlackElo "1285"]
[PlyCount "69"]

1. e4 d5 2. d4 dxe4 3. f3 exf3 4. Nxf3 a6 5. Bd3 Nf6 6. Nc3 Nc6 7. Be3 Bg4 8.
d5 Nxd5 9. Nxd5 Qxd5 10. Be2 Qxd1+ 11. Bxd1 O-O-O 12. O-O e6 13. Ng5 Rxd1 14.
Raxd1 Bxd1 15. Rxd1 Be7 16. Nxf7 Rf8 17. Rf1 h6 18. c3 Bf6 19. Nxh6 gxh6 20.
Bxh6 Rf7 21. g4 Ne5 22. g5 Bxg5 23. Bxg5 Rxf1+ 24. Kxf1 Nf7 25. h4 Nxg5 26.
hxg5 Kd7 27. Kf2 Ke7 28. Kf3 Kf7 29. Kf4 Kg6 30. Ke5 Kxg5 31. Kxe6 Kf4 32. Kd7
c5 33. Kc7 b5 34. Kb6 c4 35. Kxa6 1-0

[Event "Tournoi Skype 030B"]
[Site "Skype"]
[Date "????.??.??"]
[Round "5.11"]
[White "Roman, Sylvian"]
[Black "Barba Cepeda, Julio Cesar"]
[Result "1-0"]
[WhiteElo "1284"]
[BlackElo "1139"]
[PlyCount "75"]

1. d4 Nf6 2. Bf4 d5 3. e3 e6 4. Nf3 Bd6 5. Bg3 Nc6 6. c3 O-O 7. Nbd2 Re8 8. Bd3
e5 9. dxe5 Nxe5 10. Be2 Bf5 11. Nxe5 Bxe5 12. Bxe5 Rxe5 13. Nf3 Re6 14. Nd4 Re5
15. Nf3 Re8 16. O-O Be4 17. Bd3 c6 18. Ne1 Qc7 19. f3 Bg6 20. Bxg6 hxg6 21. Nc2
Re5 22. Re1 Rh5 23. g3 g5 24. Nd4 Rh7 25. Qc2 g4 26. f4 Ne4 27. Nf5 g6 28. Nh4
Kg7 29. Qd3 Rah8 30. Qd4+ Kh6 31. Qxa7 Nd2 32. Qd4 Nf3+ 33. Nxf3 gxf3 34. Qf6
Qc8 35. Rf1 Qg8 36. Rxf3 Qe8 37. g4 Qe6 38. Rh3# 1-0

[Event "Tournoi Skype 030B"]
[Site "Skype"]
[Date "????.??.??"]
[Round "5.12"]
[White "Prieto, Jairo Ovidio"]
[Black "Kumbhar, Ashok"]
[Result "0-1"]
[WhiteElo "1277"]
[BlackElo "1018"]
[PlyCount "70"]

1. e4 e5 2. Nf3 Nc6 3. Bb5 Nf6 4. Bxc6 dxc6 5. d3 Bd6 6. O-O h6 7. c4 O-O 8.
Nc3 Re8 9. Re1 Bc5 10. Na4 Bb4 11. Bd2 c5 12. Bxb4 cxb4 13. b3 b6 14. Qc2 Bd7
15. Nb2 c5 16. h3 Bc6 17. a3 a5 18. a4 Nh5 19. Rad1 Nf4 20. Kh2 Qf6 21. Re3 Bd7
22. Ng1 Ng6 23. g3 Re6 24. Qe2 Rf8 25. Qf3 Qg5 26. Qg2 Rf6 27. Nf3 Qh5 28. Ng1
Ne7 29. Rf1 Rg6 30. Ne2 f5 31. f4 fxe4 32. Qxe4 Qxh3+ 33. Kg1 Bc6 34. g4 Bxe4
35. Rxh3 Rxg4+ 0-1

[Event "Tournoi Skype 030B"]
[Site "Skype"]
[Date "????.??.??"]
[Round "5.13"]
[White "Pirola, Gabriele"]
[Black "Sosa, Juan Carlos"]
[Result "1-0"]
[WhiteElo "1000"]
[BlackElo "1276"]
[PlyCount "99"]

1. Nf3 Nc6 2. d4 d5 3. c3 Nf6 4. Nbd2 Bg4 5. e3 Ne4 6. h3 Bh5 7. Be2 e6 8. O-O
Bd6 9. Qa4 a6 10. Re1 O-O 11. Qc2 Bg6 12. Bd3 e5 13. Nxe4 dxe4 14. Bxe4 exd4
15. exd4 Re8 16. Bxg6 hxg6 17. Rxe8+ Qxe8 18. Be3 Ne7 19. Ng5 Nf5 20. Qd2 Nxe3
21. Qxe3 Qxe3 22. fxe3 Re8 23. Re1 Bg3 24. Re2 c6 25. e4 f6 26. Nf3 f5 27. e5
Bf4 28. Kf2 Kf7 29. Nh4 b5 30. g4 fxg4 31. hxg4 a5 32. b3 b4 33. cxb4 axb4 34.
Rc2 Re7 35. Rxc6 Re6 36. Rxe6 Kxe6 37. Nxg6 Bg5 38. Kf3 Kd5 39. Ke2 Kxd4 40. e6
Kc3 41. Kd1 Kb2 42. e7 Bxe7 43. Nxe7 Kxa2 44. Kc2 g5 45. Nc6 Ka3 46. Nd4 Ka2
47. Nf3 Ka3 48. Nxg5 Ka2 49. Nf3 Ka3 50. g5 1-0

[Event "Tournoi Skype 030B"]
[Site "Skype"]
[Date "????.??.??"]
[Round "5.14"]
[White "Mira Poveda, Jose Antonio"]
[Black "Bucherie, Volcy"]
[Result "1-0"]
[WhiteElo "1117"]
[BlackElo "1274"]
[PlyCount "75"]

1. e4 c6 2. d4 d5 3. e5 Bf5 4. Nf3 Nd7 5. Nc3 e6 6. Bg5 Ne7 7. Bd3 Bxd3 8. Qxd3
h6 9. Bh4 Nf5 10. Bxd8 Rxd8 11. O-O Be7 12. Rfe1 Bg5 13. Ne2 O-O 14. c4 Nb6 15.
c5 Na4 16. b3 Nb2 17. Qc2 Nc4 18. bxc4 b6 19. cxd5 cxd5 20. cxb6 axb6 21. Ng3
Rc8 22. Qb2 Rc6 23. Nxg5 hxg5 24. Rac1 Rc4 25. Rxc4 dxc4 26. Qxb6 Nxd4 27. Qxd4
Rc8 28. Ne4 g4 29. Ng5 c3 30. Qxg4 c2 31. Rc1 Kf8 32. Qh4 Rc5 33. Qf4 Ke7 34.
Qxf7+ Kd8 35. Nxe6+ Kc8 36. Nxc5 g5 37. Qd7+ Kb8 38. Qb7# 1-0

[Event "Tournoi Skype 030B"]
[Site "Skype"]
[Date "????.??.??"]
[Round "5.15"]
[White "Le Bouill, Pierre"]
[Black "Hernandez Lopez, Joaquin"]
[Result "0-1"]
[WhiteElo "1260"]
[BlackElo "1061"]
[PlyCount "42"]

1. Nf3 Nf6 2. d4 d5 3. g3 Bf5 4. Bg2 e6 5. c3 Be7 6. e3 O-O 7. O-O c5 8. b3
cxd4 9. cxd4 Nc6 10. Bb2 Rc8 11. Nbd2 Nb4 12. Nb1 Nc2 13. Nc3 Nxa1 14. Qxa1 Bb4
15. a3 Bxc3 16. Bxc3 Ne4 17. Bb4 Re8 18. Nd2 Nxd2 19. Bxd2 Bd3 20. Re1 Rc2 21.
Rc1 Rxd2 0-1

[Event "Tournoi Skype 030B"]
[Site "Skype"]
[Date "????.??.??"]
[Round "5.16"]
[White "Moumtaz, Abderrahim"]
[Black "Mfengu, Daluthando"]
[Result "1-0"]
[WhiteElo "1213"]
[BlackElo "1000"]
[PlyCount "55"]

1. d4 d5 2. Nf3 Nf6 3. c4 e6 4. Bg5 Be7 5. Nc3 h6 6. Bh4 O-O 7. e3 c5 8. cxd5
exd5 9. Bb5 a6 10. Be2 Nc6 11. O-O Bg4 12. h3 Bf5 13. b3 cxd4 14. exd4 b5 15.
a3 Rc8 16. Bd3 Bxd3 17. Qxd3 Re8 18. Rfe1 Qb6 19. b4 Bd6 20. Rxe8+ Nxe8 21.
Nxd5 Qb8 22. Re1 f6 23. Qg6 Nc7 24. Nxf6+ Kf8 25. Nd7+ Kg8 26. Nxb8 Nxb8 27.
Qxd6 Ne8 28. Qe6+ 1-0

[Event "Tournoi Skype 030B"]
[Site "Skype"]
[Date "????.??.??"]
[Round "5.18"]
[White "Resende, Paulo"]
[Black "Quiel, Aristoteles"]
[Result "1-0"]
[WhiteElo "1000"]
[BlackElo "1196"]
[PlyCount "79"]

1. e4 c6 2. d4 d5 3. Nc3 dxe4 4. Nxe4 Bf5 5. Ng3 Bg6 6. Nf3 e6 7. Bd3 f5 8. O-O
Bd6 9. Qe2 Qe7 10. Bg5 Nf6 11. Rae1 Kf7 12. Ne5+ Bxe5 13. dxe5 h6 14. exf6 Qd6
15. fxg7 Kxg7 16. Bh4 Re8 17. Qe5+ Qxe5 18. Rxe5 Nd7 19. Re2 Nc5 20. Rfe1 Nxd3
21. cxd3 f4 22. Ne4 c5 23. Nxc5 Bf5 24. Nxe6+ Kg8 25. Nxf4 Rec8 26. d4 Rc4 27.
Rd2 Rac8 28. f3 Rc2 29. Ree2 Rc1+ 30. Kf2 Bd7 31. Kg3 Kh7 32. Re7+ Kh8 33. Rxd7
Rg8+ 34. Kf2 Rf8 35. Ng6+ Kg8 36. Nxf8 Kxf8 37. Rxb7 Rc6 38. d5 Rc4 39. d6 Rxh4
40. d7 1-0

[Event "Tournoi Skype 030B"]
[Site "Skype"]
[Date "????.??.??"]
[Round "5.19"]
[White "Sanchez Padilla, Armando Edilber"]
[Black "Guillaume, Mickael"]
[Result "1/2-1/2"]
[WhiteElo "1225"]
[BlackElo "1106"]
[PlyCount "104"]

1. e4 e5 2. Nf3 Nc6 3. Bb5 Bc5 4. c3 Nge7 5. d4 exd4 6. cxd4 Bb6 7. e5 d5 8. b4
Bd7 9. Qd2 O-O 10. O-O Nf5 11. Bb2 a6 12. Ba4 f6 13. Nc3 Nxb4 14. a3 Bxa4 15.
axb4 Bb5 16. Rfe1 c6 17. e6 Re8 18. Qf4 Nd6 19. Nd1 Ne4 20. Qg4 a5 21. bxa5
Bxa5 22. Re3 Qd6 23. Ba3 Bb4 24. Nh4 Bxa3 25. Nf5 Qc7 26. Rexa3 Rxa3 27. Rxa3
Ng5 28. e7 g6 29. Ng3 Qxe7 30. Re3 Ne4 31. Nf5 Qe6 32. Nh6+ Kf8 33. Qxe6 Rxe6
34. Nc3 Bc4 35. Ng4 Kg7 36. f3 f5 37. Nf2 Kf6 38. fxe4 dxe4 39. Nh3 g5 40. Kf2
h5 41. Ng1 b5 42. g3 b4 43. Na4 Rd6 44. Ne2 Bxe2 45. Rxe2 Rxd4 46. Rc2 Rd6 47.
Rb2 Rd4 48. Nc3 Kg7 49. Na4 Rd6 50. Re2 Rd4 51. Rc2 Rd6 52. Rb2 Rd4 1/2-1/2

[Event "Tournoi Skype 030B"]
[Site "Skype"]
[Date "????.??.??"]
[Round "5.20"]
[White "Castanha, Marco"]
[Black "Moraga Vasquez, Michael"]
[Result "1-0"]
[WhiteElo "1000"]
[BlackElo "1206"]
[PlyCount "33"]

1. e4 e5 2. Nf3 Nc6 3. Bc4 Bc5 4. O-O Nf6 5. d3 h6 6. c3 d6 7. Nbd2 O-O 8. Re1
Ne7 9. h4 Ng6 10. h5 Nf4 11. Nf1 N6xh5 12. Ng3 Nxg3 13. d4 exd4 14. cxd4 Bxd4
15. Qxd4 Nge2+ 16. Bxe2 Nxe2+ 17. Rxe2 1-0

[Event "Tournoi Skype 030B"]
[Site "Skype"]
[Date "????.??.??"]
[Round "5.21"]
[White "Colangelo, Michele"]
[Black "Nontsikelelo, Yvonne"]
[Result "0-1"]
[WhiteElo "1189"]
[BlackElo "1000"]
[PlyCount "44"]

1. e4 e5 2. Nf3 Nc6 3. Bb5 d6 4. Nc3 Be7 5. Bxc6+ bxc6 6. O-O Nf6 7. h3 O-O 8.
Re1 Be6 9. d4 exd4 10. Nxd4 Bd7 11. Nf3 c5 12. Nd5 Nxd5 13. exd5 Bf6 14. c4 c6
15. Rb1 cxd5 16. cxd5 Bf5 17. Ra1 Qb6 18. Qd2 c4 19. Qe3 Qxe3 20. fxe3 Be4 21.
Rd1 c3 22. Ne1 cxb2 0-1

[Event "Tournoi Skype 030B"]
[Site "Skype"]
[Date "????.??.??"]
[Round "5.22"]
[White "Bustos, Elias Ezequiel"]
[Black "Franca, Adilson Mendes"]
[Result "1/2-1/2"]
[WhiteElo "1000"]
[BlackElo "1147"]
[PlyCount "125"]

1. d4 e5 2. dxe5 Nc6 3. Nf3 Qe7 4. Bf4 Qb4+ 5. Bd2 Qxb2 6. Bc3 Bb4 7. Kd2 Qxa1
8. Bxb4 Nxb4 9. Nc3 Qxd1+ 10. Kxd1 Ne7 11. e4 b6 12. Nb5 O-O 13. Nxc7 Rb8 14.
Bc4 Rb7 15. Nb5 a6 16. Nbd4 b5 17. Bb3 a5 18. a4 bxa4 19. Bxa4 Re8 20. h4 Nbc6
21. Nb5 Rb6 22. Kd2 Ba6 23. Nc7 Rc8 24. Nd5 Nxd5 25. exd5 Rb4 26. Bb3 Nd4 27.
Nxd4 Rxd4+ 28. Ke3 Rb4 29. Ra1 Bc4 30. Ba4 Bb5 31. Bb3 Rc3+ 32. Kd2 Rc8 33.
Rxa5 g6 34. d6 Rc5 35. Ra8+ Kg7 36. f4 Rxf4 37. Re8 Rf2+ 38. Ke3 Rxg2 39. Kd4
Rg4+ 40. Kxc5 Ba6 41. Re7 Bc8 42. Rxf7+ Kh6 43. Rf8 Rxh4 44. Rxc8 Rh2 45. Ba4
g5 46. Bxd7 Rxc2+ 47. Kd5 Rd2+ 48. Ke6 g4 49. Rg8 Kh5 50. Be8+ Kh4 51. d7 g3
52. d8=Q+ Rxd8 53. Ke7 Ra8 54. e6 Kh3 55. Kf6 g2 56. e7 Kh2 57. Kf7 g1=Q 58.
Rxg1 Kxg1 59. Bc6 Ra7 60. Ke6 Ra1 61. e8=Q Re1+ 62. Kd6 Rxe8 63. Bxe8 1/2-1/2

[Event "Tournoi Skype 030B"]
[Site "Skype"]
[Date "????.??.??"]
[Round "5.23"]
[White "Duthoit, Bernard"]
[Black "Gomez Zuluaga, Jorge Adiel"]
[Result "0-1"]
[WhiteElo "1333"]
[BlackElo "1079"]
[PlyCount "58"]

1. e4 e5 2. Nf3 d6 3. Bc4 Qf6 4. d3 Be6 5. Bg5 Qg6 6. Bxe6 fxe6 7. O-O Be7 8.
Bxe7 Nxe7 9. Nc3 Nbc6 10. Nb5 Kd7 11. Qd2 Raf8 12. Qe3 Ra8 13. Qg5 a6 14. Nxc7
Kxc7 15. Qxe7+ Nxe7 16. Nd2 Raf8 17. Nb3 Nc6 18. Rae1 h5 19. Re3 h4 20. h3 Rf4
21. g3 hxg3 22. Rxg3 Qf7 23. Nd2 Rfh4 24. Kg2 Nd4 25. c3 Ne2 26. Rf3 Qg6+ 27.
Kh2 Nf4 28. Rg3 Rxh3+ 29. Rxh3 Rxh3# 0-1

[Event "Tournoi Skype 030B"]
[Site "Skype"]
[Date "????.??.??"]
[Round "5.24"]
[White "Montilla Bejarano, Mey"]
[Black "Franco, Yolima"]
[Result "0-1"]
[WhiteElo "1116"]
[BlackElo "1495"]
[PlyCount "42"]

1. d4 d5 2. Nf3 Nf6 3. Bf4 c5 4. c3 Nc6 5. h3 Bf5 6. Nbd2 Qb6 7. Qc1 cxd4 8.
Nh4 dxc3 9. bxc3 Bg6 10. Nxg6 fxg6 11. Rb1 Qa5 12. Qc2 e5 13. Nb3 Nd4 14. Qb2
Nxb3 15. Qxb3 exf4 16. Qxb7 Qxc3+ 17. Kd1 Qd4+ 18. Ke1 Qc3+ 19. Kd1 Rc8 20.
Qb5+ Rc6 21. Rc1 Qxc1# 0-1

[Event "Tournoi Skype 030B"]
[Site "Skype"]
[Date "????.??.??"]
[Round "5.25"]
[White "Farfallini, Michel"]
[Black "Tolaro, Filippa"]
[Result "1-0"]
[WhiteElo "1446"]
[BlackElo "1114"]
[PlyCount "75"]

1. e4 c6 2. d4 d5 3. Nc3 dxe4 4. Nxe4 Nf6 5. Nxf6+ exf6 6. Be3 Be6 7. Nf3 Qb6
8. Qc1 Qa5+ 9. c3 Bf5 10. Bc4 Be6 11. Bb3 Nd7 12. O-O c5 13. d5 Bf5 14. Re1 Be7
15. d6 Bxd6 16. Bxc5+ Be5 17. Ba3 O-O-O 18. Qe3 Qc7 19. Qxa7 Qb8 20. Qe3 Rhe8
21. Nxe5 Rxe5 22. Qf3 Be6 23. Red1 Qc7 24. Bd6 Qa5 25. Bxe5 Nxe5 26. Rxd8+ Qxd8
27. Qe2 Kb8 28. Rd1 Qc8 29. Bxe6 fxe6 30. Rd6 h6 31. Qd1 Nc6 32. b4 b5 33. a4
bxa4 34. Qxa4 Na7 35. Rd7 Nc6 36. Qb5+ Ka8 37. Rxg7 Nd4 38. Qa4+ 1-0

[Event "Tournoi Skype 030B"]
[Site "Skype"]
[Date "????.??.??"]
[Round "5.26"]
[White "Codina, Teresa"]
[Black "Conde, Ramon"]
[Result "0-1"]
[WhiteElo "1310"]
[BlackElo "1104"]
[PlyCount "70"]

1. d4 e5 2. d5 c6 3. e4 Nf6 4. Bd3 cxd5 5. exd5 Qa5+ 6. Nc3 Nxd5 7. Bd2 Bb4 8.
Nxd5 Bxd2+ 9. Qxd2 Qxd5 10. f3 Nc6 11. a3 d6 12. O-O-O Qa2 13. Qg5 g6 14. Be4
Qa1+ 15. Kd2 Qxb2 16. Bxc6+ bxc6 17. Ne2 Bf5 18. Rc1 c5 19. Ng3 Qd4+ 20. Ke2
Be6 21. Rhd1 Bc4+ 22. Ke1 Qg1+ 23. Nf1 Qxf1+ 24. Kd2 Qe2+ 25. Kc3 d5 26. Re1
d4+ 27. Kb2 Rb8+ 28. Ka1 f6 29. Qxf6 Rf8 30. Qxe5+ Qxe5 31. Rxe5+ Kd7 32. Rxc5
Rfc8 33. Re5 Rc6 34. Rce1 Ra6 35. Re7+ Kd6 0-1

[Event "Tournoi Skype 030B"]
[Site "Skype"]
[Date "????.??.??"]
[Round "5.27"]
[White "Reese, Evan"]
[Black "Cengiz, Ali Ekber"]
[Result "0-1"]
[WhiteElo "1107"]
[BlackElo "1281"]
[PlyCount "96"]

1. e4 e5 2. g3 Nf6 3. Nc3 Bc5 4. Bg2 d6 5. Nge2 Ng4 6. d4 exd4 7. Nxd4 O-O 8.
O-O c6 9. Nce2 Re8 10. Qd3 d5 11. b3 dxe4 12. Bxe4 Nf6 13. Bg2 Bg4 14. Bb2 Bxd4
15. Bxd4 Bxe2 16. Bxf6 Qxf6 17. Qd2 Bxf1 18. Rxf1 Na6 19. a3 Rad8 20. Qa5 Qe5
21. Qa4 Rd4 22. c4 Qc5 23. Rc1 Rd2 24. Rf1 Ree2 25. b4 Qxc4 26. Qa5 b6 27. Qf5
Qe6 28. Qf4 g6 29. Bf3 Qf5 30. Qxf5 gxf5 31. Bxe2 Rxe2 32. Rd1 Ra2 33. Rd6 Rxa3
34. Rxc6 Nxb4 35. Rf6 Ra5 36. Kg2 Kg7 37. Rd6 f6 38. h4 h5 39. f3 Kg6 40. Kh3
Nc2 41. Rd8 Ra3 42. Rg8+ Kf7 43. Rh8 Kg6 44. f4 b5 45. Re8 b4 46. Re2 Nd4 47.
Rd2 Ne6 48. Rd6 Nxf4+ 0-1

[Event "Tournoi Skype 030B"]
[Site "Skype"]
[Date "????.??.??"]
[Round "5.28"]
[White "Jones, Malcolm"]
[Black "Huerta Lopez, Cesar Rogelio"]
[Result "0-1"]
[WhiteElo "1240"]
[BlackElo "1097"]
[PlyCount "126"]

1. e4 e5 2. Nf3 Nc6 3. Bb5 Bd6 4. Nc3 a6 5. Ba4 Nf6 6. h4 Bb4 7. a3 Bxc3 8.
bxc3 Nxe4 9. Bb3 O-O 10. Ng5 Nxg5 11. hxg5 Qxg5 12. d3 Qxg2 13. Qh5 Qg6 14.
Qxg6 hxg6 15. Bg5 d6 16. O-O-O Bg4 17. Rdg1 Bf3 18. Rh3 Bh5 19. Kb2 Rae8 20.
Rgh1 e4 21. dxe4 Rxe4 22. Bd5 Re5 23. Bf3 Rxg5 24. Bxh5 gxh5 25. f4 Rb5+ 26.
Kc1 g6 27. a4 Ra5 28. Rg3 Ne7 29. Kb2 Kg7 30. Rg2 Kh6 31. Re2 Nd5 32. Ka3 Nxf4
33. Re7 Nd5 34. Rd7 b5 35. Rh4 Nb6 36. Rxc7 Nxa4 37. Kb4 Kg5 38. Rh1 Nxc3 39.
Kxa5 Nd5 40. Rd7 Ne3 41. Kxa6 b4 42. Rxd6 Nxc2 43. Rg1+ Kh6 44. Rc1 b3 45. Rb6
Nd4 46. Rc4 Rd8 47. Kb7 Rd7+ 48. Kc8 Rd5 49. Kb7 h4 50. Rf6 h3 51. Rf1 b2 52.
Rb4 Rb5+ 53. Rxb5 Nxb5 54. Kb6 Na3 55. Kc5 b1=Q 56. Rxb1 Nxb1 57. Kd5 h2 58.
Ke5 h1=Q 59. Kf6 Qf3+ 60. Ke7 g5 61. Kf8 g4 62. Kg8 g3 63. Kh8 Qf6+ 0-1

[Event "Tournoi Skype 030B"]
[Site "Skype"]
[Date "????.??.??"]
[Round "5.29"]
[White "Ruiz Aguilera, Juan Jesus"]
[Black "Conde, Abigail"]
[Result "1-0"]
[WhiteElo "1102"]
[BlackElo "1234"]
[PlyCount "81"]

1. Nf3 d5 2. d4 e6 3. c4 c5 4. cxd5 exd5 5. Bd2 Nc6 6. dxc5 Bxc5 7. Bc3 d4 8.
b4 Bb6 9. Bd2 h6 10. b5 Nce7 11. Bb4 Nd5 12. Qb3 Ngf6 13. Qc4 Bd7 14. Na3 Rc8
15. Qb3 a5 16. bxa6 bxa6 17. Rd1 a5 18. Bd2 O-O 19. Ne5 a4 20. Qb2 Bf5 21. Rc1
Rb8 22. Nc6 Qd6 23. Nxb8 Rxb8 24. Nb5 Qe5 25. Qa3 Ne4 26. g4 d3 27. e3 Bxg4 28.
Bxd3 Nxd2 29. Kxd2 Bxe3+ 30. fxe3 Qxe3+ 31. Kc2 Qf2+ 32. Kb1 Be6 33. Qxa4 Nb4
34. Bc4 Qf5+ 35. Kb2 Qe5+ 36. Ka3 Qc5 37. Qxb4 Ra8+ 38. Kb3 Qe3+ 39. Rc3 Qd2
40. Bxe6 Qb2+ 41. Kxb2 1-0

[Event "Tournoi Skype 030B"]
[Site "Skype"]
[Date "????.??.??"]
[Round "5.30"]
[White "Alarcon Alarcon, Marina"]
[Black "Maccaferri, Massimo"]
[Result "1-0"]
[WhiteElo "1202"]
[BlackElo "1074"]
[PlyCount "41"]

1. d4 e5 2. d5 e4 3. Nc3 Nf6 4. Bg5 Qe7 5. e3 b6 6. Bb5 Bb7 7. Nh3 Qb4 8. Rb1
Nxd5 9. O-O Nxc3 10. bxc3 Qxc3 11. Rb3 Qc5 12. Bf4 h6 13. Qd4 Qxc2 14. Bc4 g5
15. Bxc7 Bc5 16. Qe5+ Be7 17. Qxh8+ Bf8 18. Qe5+ Be7 19. Bd6 Nc6 20. Qh8+ Bf8
21. Qxf8# 1-0

[Event "Tournoi Skype 030B"]
[Site "Skype"]
[Date "????.??.??"]
[Round "5.31"]
[White "Homme, Jim"]
[Black "Milanese, Serge"]
[Result "1/2-1/2"]
[WhiteElo "1100"]
[BlackElo "1202"]
[PlyCount "76"]

1. Nf3 d5 2. d4 Bf5 3. Nbd2 e6 4. e3 Nf6 5. Be2 Bb4 6. O-O O-O 7. c3 Be7 8. Ne5
Nbd7 9. Ndf3 c6 10. Bd3 Re8 11. Bxf5 exf5 12. Qd3 g6 13. Qc2 c5 14. Re1 Rc8 15.
Ng5 Nxe5 16. dxe5 Ne4 17. Nxe4 fxe4 18. Rd1 c4 19. b3 Rc5 20. Ba3 Rc7 21. Bxe7
Rcxe7 22. bxc4 Rxe5 23. cxd5 Rxd5 24. Rxd5 Qxd5 25. Qd1 Qd3 26. Qxd3 exd3 27.
Rd1 Rd8 28. f3 Kg7 29. Kf1 Kf6 30. Kf2 Kf5 31. g4+ Kg5 32. Kg3 f5 33. h4+ Kf6
34. gxf5 gxf5 35. Kf4 h6 36. e4 fxe4 37. Kxe4 d2 38. Kf4 b5 1/2-1/2

[Event "Tournoi Skype 030B"]
[Site "Skype"]
[Date "????.??.??"]
[Round "5.32"]
[White "Busto, Ricardo"]
[Black "Guevara, Lizbeth"]
[Result "0-1"]
[WhiteElo "1198"]
[BlackElo "1036"]
[PlyCount "72"]

1. d4 Nf6 2. Nf3 e6 3. c4 d5 4. Nc3 Bb4 5. Bg5 O-O 6. e3 Nbd7 7. Be2 h6 8. Bh4
g5 9. Bg3 Ne4 10. Qc2 h5 11. O-O Bxc3 12. bxc3 h4 13. Be5 g4 14. Nd2 Nxd2 15.
Qxd2 Nxe5 16. dxe5 b6 17. Bxg4 Bb7 18. Bf3 Qg5 19. Qd4 c5 20. Qg4 Qxg4 21. Bxg4
Ba6 22. Rac1 Bxc4 23. Rfe1 Bxa2 24. Bf3 a5 25. h3 a4 26. Kh2 Bc4 27. Be2 b5 28.
Bxc4 dxc4 29. Rb1 Rfb8 30. Kg1 b4 31. cxb4 cxb4 32. Kf1 a3 33. Ke2 a2 34. Ra1
b3 35. Red1 b2 36. Rxa2 Rxa2 0-1

[Event "Tournoi Skype 030B"]
[Site "Skype"]
[Date "????.??.??"]
[Round "5.33"]
[White "Khatanhar, Mohit"]
[Black "Guillen Andrinal, Pablo"]
[Result "1-0"]
[WhiteElo "1180"]
[BlackElo "1024"]
[PlyCount "31"]

1. e4 e5 2. Nf3 Nf6 3. Nc3 Nc6 4. Bc4 Bc5 5. O-O O-O 6. a3 a6 7. h3 Re8 8. Re1
Ng4 9. hxg4 d6 10. d3 Bxg4 11. Bxf7+ Kxf7 12. Ng5+ Kg8 13. Qxg4 h6 14. Ne6 Qe7
15. Bxh6 Qxe6 16. Qxg7# 1-0